| 000 | 00816nam a22002537a 4500 | ||
|---|---|---|---|
| 001 | sjds170161 | ||
| 003 | sjds | ||
| 005 | 20170721113742.0 | ||
| 008 | 170721b nju||||| |||| 00| 0 spa d | ||
| 020 | _a0816730741 (pbk.) | ||
| 020 | _a9780816730742 (pbk.) | ||
| 024 | _a051487004951 | ||
| 040 | _csjds | ||
| 041 | _aspa | ||
| 082 | _a398.21 | ||
| 100 | 1 | _aLippert, Margaret H. | |
| 245 | 1 | 3 |
_aLa hija de la serpeinte marina : _b una leyenda BrasileƱa / _c escrita y adaptada por Margaret H. Lippert ; ilustrada por Felipe Davalos. |
| 246 |
_aLa hija de la serpeinte marina : _b una leyenda BrasileƱa |
||
| 260 |
_a[Mahwah, NJ] : _bTroll Associates, _cc1993. |
||
| 300 |
_a32 pages : _bcolor illustrations ; _c23 cm. |
||
| 490 | _aLeyendas del mundo | ||
| 700 | _aDavalos, Felipe | ||
| 942 |
_2ddc _cBK |
||
| 999 |
_c18623 _d18623 |
||